书目信息 |
| 题名: |
名校行政管理的细节力
|
|
| 作者: | 童学敏 主编 | |
| 分册: | ||
| 出版信息: | 北京 九州出版社 2006 |
|
| 页数: | 247页 | |
| 开本: | 24cm | |
| 丛书名: | 新教育力丛书 | |
| 单 册: | ||
| 中图分类: | G472 , G637.2 | |
| 科图分类: | ||
| 主题词: | 教育--各级 , 行政管理 , 学校管理--行政管理 | |
| 电子资源: | ||
| ISBN: | 7-80195-411-4 | |
| 000 | 00992nam0 2200313 450 | |
| 000 | 00990nam0 2200301 450 | |
| 000 | 00923nam0 2200277 450 | |
| 000 | 00887nam0 2200265 45 | |
| 005 | 20070727101311.69 | |
| 010 | @a7-80195-411-4@dCNY30.00 | |
| 100 | @a20070706d2006 em y0chiy0120 ea | |
| 101 | 0 | @achi |
| 102 | @aCN@b110000 | |
| 105 | @ay z 000yy | |
| 200 | 1 | @a名校行政管理的细节力@AMing Xiao Xing Zheng Guan Li De Xi Jie Li@f童学敏主编@FTong Xue Min Zhu Bian |
| 210 | @a北京@c九州出版社@d2006 | |
| 215 | @a247页@d24cm | |
| 225 | 2 | @a新教育力丛书 |
| 305 | @a丛书第一辑 | |
| 330 | @a本书精选国内外经典案例,通过对案例的评析,向学校管理者传授先进、有效的行政管理方法,从而全面提升学校管理的现状。 | |
| 410 | 0 | @12001 @a新教育力丛书 |
| 606 | 0 | @a教育@x各级 |
| 606 | 0 | @a行政管理 |
| 606 | 0 | @a学校管理@x行政管理 |
| 690 | @aG472@v4 | |
| 690 | @aG637.2@v3 | |
| 701 | 1 | @a童学敏@ATong Xue Min@4主编 |
| 801 | 0 | @aCN@bTAOJIN@c20070727 |
| 905 | @a10447@dG637.2@e953 | |
| 名校行政管理的细节力/童学敏主编.-北京:九州出版社,2006 |
| 247页;24cm.-(新教育力丛书) |
| ISBN 7-80195-411-4:CNY30.00 |
| 本书精选国内外经典案例,通过对案例的评析,向学校管理者传授先进、有效的行政管理方法,从而全面提升学校管理的现状。 |
| ● |
| 相关链接 |
|
|
|
|
正题名:名校行政管理的细节力
索取号:G637.2/953
 
预约/预借
| 序号 | 登录号 | 条形码 | 馆藏地/架位号 | 状态 | 备注 |
| 1 | 0820595 | 208205958 | 第一样本阅览室/ [索取号:G637.2/953] | 在馆 | |
| 2 | 0820596 | 208205967 | 第四借阅区/ [索取号:G637.2/953] | 在馆 | |
| 3 | 0820597 | 208205976 | 第四借阅区/ [索取号:G637.2/953] | 在馆 | |
| 4 | 0820598 | 208205985 | 第四借阅区/ [索取号:G637.2/953] | 在馆 | |
| 5 | 0820599 | 208205994 | 第四借阅区/ [索取号:G637.2/953] | 在馆 |